| 000 | 00784nam a22002417a 4500 | ||
|---|---|---|---|
| 003 | OSt | ||
| 005 | 20140310181925.0 | ||
| 008 | 130720t xxu||||| |||| 00| 0 eng d | ||
| 050 |
_aPE 1119 _b.Op61 2000 |
||
| 082 |
_aTR 428.4076S _bSc2T 2000 |
||
| 100 |
_aScience Research Associates _92358 |
||
| 245 |
_aOpen court reading Level 1, Book A : _bScience Research Associates. look who's reading! animals / |
||
| 260 |
_aColombus, Ohio: _bSRA/McGraw-Hill, _cc2000. |
||
| 300 |
_axii. 62 p. ; _bill. col. ; _c31 cm. |
||
| 521 | _aFaculty | ||
| 541 | _j1 | ||
| 562 | _e1 | ||
| 650 |
_aReading _xability testing _92359 |
||
| 650 |
_aWord recognition _9268 |
||
| 650 |
_aReading _xvisual perception _92360 |
||
| 700 |
_aScience Research Associates _92361 |
||
| 942 |
_2lcc _cBK-TR _kTR |
||
| 999 |
_c7169 _d7169 |
||